Green infranet : butlletí del projecte de la xarxa d'infrastructura verda butlletí del projecte de la xarxa d'infrastructura verda
Descripción Física:
4 p. : il. col. ; 30 cm
Materias:
Biodiversitat -- Conservació
MARC
| LEADER | 00000nam a2200000Ia 4500 | ||
|---|---|---|---|
| 001 | 23699 | ||
| 008 | 160829s2012 xx 000 0 cat d | ||
| 008 | 160829s9999 xx 000 0 cat d | ||
| 080 | |a Revistes | ||
| 245 | |a Green infranet : |b butlletí del projecte de la xarxa d'infrastructura verda | ||
| 260 | |a Barcelona : |b Diputació de Barcelona. Direcció de Comunicació, |c 2012 | ||
| 300 | |a 4 p. : |b il. col. ; |c 30 cm | ||
| 362 | |a Núm. 1 (set. 2012)- | ||
| 650 | |a Biodiversitat |x Conservació |9 49832 | ||
| 710 | |a Barcelona (Catalunya : Província). |b Direcció de Comunicació |9 53855 | ||
| 901 | |a Arxiu | ||
| 942 | |n 1 | ||
| 952 | |0 0 |1 0 |4 0 |6 REVISTES |7 1 |9 55627 |a Arxiu |b Arxiu |d 2016-12-01 |l 0 |o Revistes |p 23699 |r 2016-12-01 00:00:00 |w 2016-12-01 |y ARXIU | ||
| 999 | |c 59500 |d 59500 | ||